| 000 | 01159nam a2200133Ia 4500 | ||
|---|---|---|---|
| 008 | 220615s9999||||xx |||||||||||||| ||und|| | ||
| 020 | _a9783040000000 | ||
| 245 | 0 | _aAdvances in the Molecular Mechanisms of Abscisic Acid and Gibberellins Functions in Plants | |
| 546 | _aEnglish[eng] | ||
| 650 | _aparticle film technology||xanthophylls||VAZ cycle||drought||Vitis vinifera L.||abscisic acid||ABA||ethylene||pathogens||plant immunity||PYR1||salicylic acid||Arabidopsis thaliana||cell expansion||gibberellins||hypocotyl growth||transcriptomic analysis||plant hormones||plant size||receptor-like cytoplasmic kinase||skotomorphogenesis||Mediator complex||transcription||ABA signaling||abiotic stress response||grapevine||stomata||metabolism||carbohydrates||salinity||chromatin remodeling||guard cell||osmotic stress||protein phosphatase 2C||stress memory||transgenerational inheritance||abscisic acid (ABA)||flowering time||Arabidopsis||drought escape||bZIP||GIGANTEA||CONSTANS||FLOWERING LOCUS T||FD||citrus||fruit maturation||hormonal interplay||sugars||n/a | ||
| 700 | _aQuesada, VÃctor | ||
| 856 | _uhttps://mdpi.com/books/pdfview/book/4358 | ||
| 942 | _cEB | ||
| 999 |
_c15486 _d15486 |
||